00379nam a2200133 450000500170000010000240001724500790004126400200012030000180014033600220015833700240018033800240020499900170022820260530113856.01 aZiena Maasri93172810aOf the Wall Grafitti and Postyers Political posters in Lebanese Civil War 1bLB Taurisc2009 a136 páginas atexto2rdacontent asin medio2rdamedia avolumen2rdacarrier c11618d11618